Incredible insects ! : (Record no. 7636)
[ view plain ]
| 000 -LEADER | |
|---|---|
| fixed length control field | 00908nam a22002777a 4500 |
| 001 - CONTROL NUMBER | |
| control field | 7636 |
| 003 - CONTROL NUMBER IDENTIFIER | |
| control field | FISKH |
| 005 - DATE AND TIME OF LATEST TRANSACTION | |
| control field | 20250729095816.0 |
| 008 - FIXED-LENGTH DATA ELEMENTS--GENERAL INFORMATION | |
| fixed length control field | 250729b cb ||||| |||| 00| 0 eng d |
| 020 ## - INTERNATIONAL STANDARD BOOK NUMBER | |
| International Standard Book Number | 9781602141049 |
| 040 ## - CATALOGING SOURCE | |
| Original cataloging agency | FISKH |
| Language of cataloging | eng |
| Transcribing agency | FISKH |
| Modifying agency | FISKH |
| 082 ## - DEWEY DECIMAL CLASSIFICATION NUMBER | |
| Classification number | 595.7 |
| 100 ## - MAIN ENTRY--PERSONAL NAME | |
| Personal name | PlayBac |
| 245 ## - TITLE STATEMENT | |
| Title | Incredible insects ! : |
| Remainder of title | Eye-opening photos of amazing bugs / |
| Statement of responsibility, etc. | By PlayBac |
| 250 ## - EDITION STATEMENT | |
| Edition statement | First Printing, October 2009 |
| 260 ## - PUBLICATION, DISTRIBUTION, ETC. | |
| Place of publication, distribution, etc. | New York : |
| Name of publisher, distributor, etc. | Play Bac Publishing, |
| Date of publication, distribution, etc. | 2009. |
| 300 ## - PHYSICAL DESCRIPTION | |
| Extent | 96 pages : |
| Other physical details | color illustrations ; |
| Dimensions | 26 cm . |
| 505 ## - FORMATTED CONTENTS NOTE | |
| Formatted contents note | R <br/> |
| 520 ## - SUMMARY, ETC. | |
| Summary, etc. | Presents photographs of some of the most visually striking insects of the world along with facts about each one.<br/> |
| 521 8# - TARGET AUDIENCE NOTE | |
| Target audience note | 750 <br/> |
| Source | Lexile estimate <br/> |
| 521 8# - TARGET AUDIENCE NOTE | |
| Target audience note | R <br/> |
| Source | Raz-Plus <br/> |
| 650 ## - SUBJECT ADDED ENTRY--TOPICAL TERM | |
| Topical term or geographic name entry element | Insects |
| Form subdivision | Juvenile Fiction |
| 650 ## - SUBJECT ADDED ENTRY--TOPICAL TERM | |
| Topical term or geographic name entry element | Photographs |
| Form subdivision | Juvenile Fiction |
| 942 ## - ADDED ENTRY ELEMENTS (KOHA) | |
| Source of classification or shelving scheme | Dewey Decimal Classification |
| Koha item type | Books |
| Suppress in OPAC | No |
| Withdrawn status | Lost status | Source of classification or shelving scheme | Damaged status | Not for loan | Collection | Home library | Current library | Shelving location | Date acquired | Total Checkouts | Full call number | Barcode | Date last seen | Date last checked out | Price effective from | Koha item type |
|---|---|---|---|---|---|---|---|---|---|---|---|---|---|---|---|---|
| Library of Congress Classification | Non-Fiction | Footprints International School Library Network Toul Tom Poung Campus | Footprints International School Library Network Toul Kork Campus | TTP Primary Orange Bookshelves | 07/29/2025 | 1 | PLA 595.7 | 2025-3465 | 09/17/2025 | 09/03/2025 | 07/29/2025 | Books |
